00946nam a2200265Ia 4500001000800000003000500008005001700013008004100030010001100071020001800082040000900100082001900109100002000128245013800148260003300286300001100319400004800330440007500378500008500453504002800538650003000566650002700596700002700623700003000650dia_112CHAP20221206142114.0220117s1976 xx 000 0 und d a170543 a968-24-0452-5 cCHAP a158.7 B58 1976 aBlum, Milton L. aPsicología industrial : sus fundamentos teóricos y sociales /c Milton L. Blum y James C. Naylor ; traducción Agustín Contin aMéxico :b Trillas,c1976 a880 p. aBIBLIOTECA DE CIENCIAS DE LA ADMINISTRACION aBiblioteca de Ciencias de la Administración / Fernando Arias Galicia aTítulo original: Industrial psychology: its theoretical and social foundations aIncluye bibliografías aPsicología industrial  aPsychology, Industrial aContin, Agustín, tr. aNaylor, James C., coaut.